[Event "Biel GM"]
[Site "Biel"]
[Date "2001.07.26"]
[Round "4"]
[White "Grischuk, Alexander"]
[Black "Pelletier, Yannick"]
[Result "1/2-1/2"]
[WhiteElo "2669"]
[BlackElo "2531"]
[Annotator "Pelletier,Y"]
[PlyCount "122"]
[EventDate "2001.07.23"]
[EventType "tourn"]
[EventRounds "10"]
[EventCountry "SUI"]
[EventCategory "16"]
[SourceTitle "CBM 085"]
[Source "ChessBase"]
[SourceDate "2001.11.13"]
[SourceVersion "1"]
[SourceVersionDate "2001.11.13"]
[SourceQuality "1"]

1. e4 e6 2. d4 d5 3. e5 c5 4. c3 Nc6 5. Nf3 Qb6 6. a3 c4 7. Nbd2 f6 8. Be2 fxe5
9. Nxe5 Nxe5 10. dxe5 Bc5 {Dies ist Wolfgang Ulhmanns Lieblingswaffe gegen die
Vorstoss Variante.} 11. O-O Ne7 12. b4 cxb3 13. Nxb3 O-O 14. Nxc5 Qxc5 15. Qd3
({Verbindet diesen Zug mit einer starken Neuerung. Als kritisch für die
Einschätzung der ganzen Variante galt} 15. Qc2 {, wie in Haba-Uhlmann, Wattens
1996}) 15... Qc7 ({Ich muss es zugeben, ich berücksichtigte die Antwort meines
Gegners nicht ernsthaft. Von den Alternativen scheint mir nur 15...Rf7 besser
zu sein:} 15... Bd7 $6 16. a4 Be8 17. Ba3 Qc7 18. Qh3 $36) (15... Nf5 $6 16. g4
$1 $36) (15... Rf7 $142 16. Be3 (16. a4 Qc7) 16... Qc7 17. f4 Bd7 $11 18. Bd1
$140 Rc8 19. Bc2 g6 20. Bd4 Nf5) 16. Bg5 $1 ({Nach dieser starken Neuerung
gelingt es dem Nachziehenden nicht mehr, das wünschenswerte Läufermannöver
"Bd7-e8-g6" zu verwirklichen. Der Ne7 steht nämlich im Weg, und falls er in
Richtung Königsflügel zieht, wird er von den gegnerischen Bauern belästigt.} 
16. f4 $6 Bd7 17. Be3 Be8 18. Bg4 Qc6 19. Rfc1 Bg6 20. Qd4 h5 21. Bh3 Bf5 $17 {
[%csl Re3,Ge7] Illijin-Huss, Biel open 2000}) 16... Rf7 (16... Nf5 17. g4 h6
18. Bd2 Ne7 19. f4 $16) (16... Ng6 17. f4 Bd7 18. h4 $1 $16 {[%csl Rg6] /\ h5})
(16... h6 17. Bxe7 Qxe7 18. Bd1 $5 $16 {[%csl Rc8][%cal Gb1h7]}) 17. f4 Bd7 $6
({Nun dass f4 erfolgt ist, durfte der Springer nach f5. Denn ihm hilft das
Schach auf c5, einen aktiveren Posten zu besetzen:} 17... Nf5 18. g4 $140 (18.
Bh5 $5) 18... Qc5+ 19. Kh1 Ne3 20. Rf3 Nxg4 21. Qd4 Qxd4 22. cxd4 Rc7 {und
Schwarz ist in Ordnung.}) 18. Bh5 ({Besser war das prophylaktische} 18. Kh1 {
[%cal Rc5g1] , wonach Weiss eine unangenehme Initiative entfalten könnte.
Grischuk übersah, dass 18...g6 gar nicht erzwungen ist.}) 18... Qc5+ 19. Kh1 ({
Das Endspiel nach} 19. Qd4 Qxd4+ 20. cxd4 g6 {[%csl Rd4] ist ungefährlich.
Entweder behält Weiss das Läuferpaar aber muss nach 21...Nf5 den Bauern d4
ständig beschützen, oder er tauscht auf e7 ab, was ebensowenig verspricht.})
19... Rff8 20. Rab1 b6 ({Hätte ich die gegnerische Antwort gesehen, hätte ich} 
20... b5 {[%csl Gc4] wenigstens in Erwägung gezogen.}) 21. c4 $1 Nf5 $1 {
Zum Glück gibt es noch diese Antwort. Der Bg5 gerät in Bedrängnis.} 22. cxd5 h6
{[%csl Rg5]} 23. dxe6 ({Besser als} 23. Bg6 Qxd5 (23... hxg5 $2 24. dxe6) 24.
Qh3 Bc6) ({und} 23. Rfc1 $6 Qxd5 24. Qxd5 exd5 25. Rc7 Be6 26. Be7 Rfc8) 23...
Bxe6 24. Bg6 Qc4 ({Selbstverständlich funktionniert} 24... hxg5 $2 25. Qh3 {
nicht, aber leichter zum Ausgleich führte}) (24... Bc4 25. Qh3 Bxf1 26. Rxf1 (
26. Bxf5 Bc4) 26... Qe3 $1 27. Bxf5 Qxh3 28. Bxh3 hxg5 29. Be6+ Kh7 30. f5 Rae8
$11) ({Ebenfalls erwähnenswert ist} 24... Rac8 25. Qh3 Rc6 $13) 25. Qh3 (25.
Bxf5 Rxf5 $11) 25... Ne7 26. Bd3 Qa2 ({Meine erste Absicht} 26... Qd5 {war
besser:} 27. f5 (27. Qh4 $2 Nf5 28. Bxf5 Bxf5 {[%csl Rb1]}) 27... Nxf5 28. Bxf5
Bxf5 29. Rxf5 Rxf5 30. Qxf5 Rf8 $11 {Aber dann sah ich Gespenste auf g2...})
27. Qh5 (27. Qh4 $2 Nf5) (27. g4 Rad8 $1 $13 (27... Bd5+ $2 28. Kg1 hxg5 29.
Rf2 $18)) 27... Nf5 $2 ({Die simple Zugswiederholung} 27... Bf7 28. Qh3 Be6 {
entging mir völlig, aber sie war meine letzte Chance.}) 28. Bf6 $1 Bd5 ({
Weniger schnell gewinnt Weiss nach} 28... Ne3 29. Qg6 Qxg2+ 30. Qxg2 Nxg2 31.
Be4 {[%cal Gh1a8]} (31. Bxg7 Bd5 $1 32. Bc4 $8 Bxc4 33. Bxf8 Bxf1 34. Rxf1 Ne3
35. Rf3 Rxf8 $11) 31... Ne3 32. Rg1 $16) 29. Qg6 $2 $138 ({Wir übersahen beide
in beginnender Zeitnot den entscheidenden Schlag} 29. Rf3 $1 Bxf3 30. gxf3 $18
{[%csl Rf5][%cal Gh5g6]}) 29... Qxg2+ 30. Qxg2 Bxg2+ 31. Kxg2 Ne3+ 32. Kh3 {
Alle andere Königszüge enthalten taktische Nachteile.} Nxf1 33. Be7 Rfe8 $6
$138 ({Zum Glück verliert der Textzug kein Material, aber Weiss erhält
trotzdem Möglichkeiten. Besser war} 33... Rf7 34. Bc4 Ne3 35. Bxf7+ Kxf7 $11)
34. Bb4 $6 ({Äusserst gefährlich sieht es aus nach} 34. Bh4 $5 Ne3 35. Re1 g5
36. Rxe3 gxh4 37. Kxh4 {[%csl Ge5,Gf4] , denn die zwei verbundenen Bauern
bilden eine schreckliche Macht.}) 34... Ne3 35. Re1 a5 36. Bd6 ({Nach} 36. Bc3
Rac8 37. Rxe3 Rxc3 38. Bh7+ Kxh7 39. Rxc3 b5 {wäre ein Remis zu erwarten.})
36... Rad8 37. Bg6 $2 ({Wieder konnte man zu einem ausgeglichen Turmendspiel
abwickeln:} 37. Bb5 Re6 38. Rxe3 Rdxd6 39. Bc4 $11) 37... Nc4 $2 (37... Re6 38.
f5 Nxf5 39. Bxf5 Rdxd6 40. Bxe6+ Rxe6 {gab ausgezeichnete Chancen auf Erfolg,
da der Bauer e5 zur Schwäche neigt.}) 38. Bxe8 Rxe8 39. Rd1 (39. Rc1 $11) 39...
Rd8 40. Rc1 $2 ({Etwas leichter zu halten wäre das Endspiel nach} 40. Rd3 Kf7
41. Kg4 Nxd6 42. exd6 Ke6 43. f5+ Ke5 {gewesen ... Nun rettet sich Weiss ganz
knapp.}) 40... Nxd6 41. exd6 Rxd6 42. Kg4 {[%csl Gg4] Der weisse König ist
aktiver als sein Widerpart, was die relative Bauernschwäche kompensiert.} Kf7 (
42... b5 43. Rc8+ Kf7 44. Rb8 Rd5 45. Rb7+ Kf6 46. Rb6+ {und schwarz kommt
nicht weiter.}) ({auch} 42... Rd3 43. Rb1 Rxa3 44. Rxb6 {gefolgt von Ra6 und
f5 bringt nichts besonders ein.}) 43. Kf5 Rd5+ ({Eine hübsche
Abtauschkombination konnte nach} 43... g6+ {geschehen:} 44. Ke5 Re6+ 45. Kd5 {
und falls} Kf6 {, dann} 46. Rc6 $1 Rxc6 47. Kxc6 Kf5 {mit Remis im kommenden
Damenendspiel.}) 44. Ke4 Rd2 (44... Rb5 45. Rc7+ Kg6 46. Rb7 $11) 45. Rc7+ Kg8
46. Rb7 $1 ({Die Aktivität des weissen Turmes verspricht genug Gegenspiel, um
den materiellen Rückstand zu kompensieren.} 46. h3 $6 Rh2 47. Rc3 a4 {hätte
ich viel lieber gesehen!}) 46... Rxh2 47. Rxb6 Rh3 48. f5 $1 Rxa3 49. Rb8+ Kf7
50. Rb7+ Kf6 51. Rb6+ Kf7 52. Rb7+ Kg8 53. Rb8+ Kh7 54. Rb7 Ra4+ 55. Ke5 Ra1 $6
$138 ({Weiss hätte sich nach} 55... Rg4 {noch genau verteidigen müssen.} 56.
Ra7 h5 (56... a4 57. f6 Rg6 58. fxg7 Rg4 59. Kf6 $11) 57. Rxa5 h4 58. Ra3 Kh6
59. Ra8 $1 {und wieder genügt der aktive weisse Turm zum Remis, z.B:} Rb4 60.
f6 ({vermutlich geht auch} 60. Ra6+ Kh5 61. Ra7 Rg4 (61... h3 62. Rxg7 Rh4 63.
Rh7+ $11) 62. Ra8 {usw}) 60... Rb5+ 61. Ke4 (61. Kf4 $2 g5+ 62. Kg4 Kg6 $19)
61... gxf6 62. Kf3 {mit einer theoretischen Remisstellung}) 56. Ra7 Kg8 57.
Ra8+ Kf7 58. Ra7+ Kg8 59. Ra8+ Kh7 60. Ra7 Kh8 ({Nichts bringt} 60... Re1+ 61.
Kd5 (61. Kf4 $11) 61... Kg8 62. Rxa5 Kf7 63. Ra6) 61. Ra8+ Kh7 1/2-1/2

[Event "Biel GM"]
[Site "Biel"]
[Date "2001.07.29"]
[Round "6"]
[White "Grischuk, Alexander"]
[Black "Svidler, Peter"]
[Result "1/2-1/2"]
[WhiteElo "2669"]
[BlackElo "2695"]
[Annotator "Ftacnik,L"]
[PlyCount "87"]
[EventDate "2001.07.23"]
[EventType "tourn"]
[EventRounds "10"]
[EventCountry "SUI"]
[EventCategory "16"]
[SourceTitle "CBM 085"]
[Source "ChessBase"]
[SourceDate "2001.11.13"]
[SourceVersion "1"]
[SourceVersionDate "2001.11.13"]
[SourceQuality "1"]

1. e4 c5 2. Nf3 d6 3. d4 cxd4 4. Nxd4 Nf6 5. Nc3 a6 6. f3 e5 7. Nb3 Be6 8. Be3
Nbd7 9. g4 b5 10. g5 b4 11. Ne2 Nh5 12. Qd2 a5 13. Ng3 Nxg3 14. hxg3 Qc7 15. a3
$1 bxa3 (15... Qb7 16. axb4 axb4 17. Rxa8+ Qxa8 18. Qxb4 d5 19. Qa5 Qb8 20. Qb5
Qxb5 21. Bxb5 dxe4 22. fxe4 Bxb3 23. cxb3 Bb4+ 24. Ke2 $16) 16. Rxa3 a4 17. Bb5
(17. Nc1 Qb7 18. c4 Be7 19. Na2 $11) 17... d5 18. exd5 $5 {Grischuk plays with
phantasy in order to prove, that black underdeveloped pieces will have hard
time fighting against activity of his own army.} (18. Rxa4 Rxa4 19. Bxa4 dxe4
20. fxe4 Qc4 21. Bxd7+ Bxd7 22. Qd5 Qc7 $14) 18... Bxa3 19. dxe6 fxe6 20. bxa3
(20. Bb6 $2 Qxb6 21. Qxd7+ Kf8 22. bxa3 Rd8 $19) 20... axb3 21. cxb3 Rxa3 22.
O-O (22. Bb6 $2 Ra1+ 23. Ke2 Rxh1 24. Bxc7 Rh2+ 25. Ke3 Rxd2 26. Kxd2 Rf8 $17)
22... Rxb3 (22... e4 23. Rd1 Qxg3+ 24. Qg2 Qxg2+ 25. Kxg2 Rxb3 26. Bxd7+ Kf7
27. Kf2 $11) 23. Rc1 Qd8 24. Bc4 Rxe3 $5 {Sensible decision by Svidler as in
other lines white pieces would be too dangerously active for black king.} (
24... Rb8 25. Bxe6 Nf8 26. Bd5 $44) 25. Qxe3 Qb6 (25... Kf7 26. Bb5 Qb6 27.
Qxb6 Nxb6 28. Rc7+ Kg6 29. Bd3+ Kxg5 30. Rxg7+ Kf6 31. Rxh7 $11) 26. Qxb6 Nxb6
27. Bxe6 Ke7 28. Rc6 (28. Bf5 g6 29. Be4 Rd8 $11) 28... Rb8 29. Bf5 g6 30. Bg4
Kf8 31. Rf6+ (31. Rc5 Re8 $11) 31... Kg7 32. Re6 {White is still slightly
better in the endgame, but it is not enought for win.} Nc4 33. Re7+ Kf8 (33...
Kh8 34. Be6 Nd6 35. Bd5 $14) 34. Rxh7 Rb1+ 35. Kf2 (35. Kg2 Ne3+ 36. Kf2 Nxg4+
37. fxg4 Rb4 $11) 35... Rb2+ 36. Ke1 Ne3 37. Be6 Ng2+ 38. Kf1 Ne3+ 39. Ke1 Ng2+
40. Kd1 Ne3+ 41. Kc1 Rc2+ 42. Kb1 Rg2 43. g4 e4 $1 44. fxe4 (44. fxe4 Nxg4 $11)
1/2-1/2

[Event "Biel GM"]
[Site "Biel"]
[Date "2001.07.30"]
[Round "7"]
[White "Grischuk, Alexander"]
[Black "Kortschnoj, Viktor Lvovich"]
[Result "1/2-1/2"]
[WhiteElo "2669"]
[BlackElo "2617"]
[Annotator "Psakhis,L"]
[PlyCount "62"]
[EventDate "2001.07.23"]
[EventType "tourn"]
[EventRounds "10"]
[EventCountry "SUI"]
[EventCategory "16"]
[SourceTitle "CBM 085"]
[Source "ChessBase"]
[SourceDate "2001.11.13"]
[SourceVersion "1"]
[SourceVersionDate "2001.11.13"]
[SourceQuality "1"]

1. e4 e6 2. d4 d5 3. e5 {Grischuk won many games recently in Advance variation,
but in this game he meets with one of the greatest expert of French defence.}
c5 4. c3 Qb6 5. Nf3 Nc6 6. a3 c4 7. Nbd2 Na5 8. g3 Be7 $146 {Quite rare move.
Much more popular than text} (8... Ne7 9. Nh4 h6 10. Ng2 Bd7 11. Ne3 O-O-O 12.
Qf3 Nf5 13. Be2 Be7 14. Nxf5 exf5 15. Qxd5 Be6 16. Qg2 g5 17. Qf1 Qc7 18. f4
gxf4 19. Qxf4 h5 $132 {1-0 Malaniuk,V-Kuzmin,G/Nikolaev zt 1995 (46) or}) (8...
Bd7) 9. h4 Bd7 10. Bh3 f5 $146 {Black as usual made this typical move after} (
10... O-O-O 11. O-O f5 {for example} 12. exf6 gxf6 13. Re1 e5 14. Bxd7+ Rxd7
15. dxe5 Bc5 16. Qe2 fxe5 17. Nxe5 Rg7 $132 {1/2-1/2 Sprinkhuizen,A-Hyldkrog,L/
cr 1989 (41)}) (10... h6 11. O-O g5 12. h5 O-O-O 13. Re1 Kb8 14. Rb1 Rh7 15.
Bg4 Rg7 16. Qe2 Ba4 17. Nf1 Re8 18. Ne3 Bd8 19. b4 f5 {0-1 Pirisi,G-Hausner,I/
Tatabanya 1984 (22)}) 11. exf6 ({In the case of} 11. Ng5 {Black has good reply}
Nh6 $5 {and doesn't work now} 12. Qh5+ $140 g6 $1 13. Qxh6 $2 Bf8 {[%csl Rh6]})
11... gxf6 12. O-O h5 {[%cal Gg8h6,Gh6g4] Preparing knight manoevre.} 13. Re1
Nh6 14. Nh2 O-O-O $1 {[%mdl 516] Kortschoj doesn;t care too much about h5
pawn- as a compensation Black will get open lines against white king.} 15. Qxh5
Rdg8 16. Qe2 (16. Nxc4 Nxc4 17. Bxh6 f5 18. Qf7 Bxh4 $40) 16... f5 $1 {[%csl
Re5][%cal Gf5f4,Re7h4]} (16... e5 {leads to white's favour after possible} 17.
Bxd7+ Kxd7 18. Nhf1 (18. dxe5 Rxg3+ 19. Kh1 Nf5 $1) 18... e4 $6 19. Ne3) 17.
Ndf3 Nb3 18. Bxh6 {Gives pawn back, but after} (18. Rb1 Nxc1 19. Rbxc1 f4 $44 {
black's initative is too strong, for example} 20. g4 $140 Nf5 $1) 18... Rxh6
19. Rad1 Bxh4 20. Nxh4 Rxh4 21. Bg2 {[%csl Rb3,Re5][%cal Gh2f3,Gf3e5]} Rh7 22.
Nf3 Na5 $1 {[%cal Ga5c6]} 23. Qd2 ({After} 23. Ne5 Be8 {[%cal Ge8h5] Black
doing well}) 23... Qd6 24. Ne5 Ba4 25. Rb1 Nc6 26. Qf4 Kc7 ({Worth considering
} 26... Bc2 $5 {with some chances for initiative.}) 27. Re2 $1 Nxe5 28. Qxe5
Qxe5 29. Rxe5 Kd6 (29... f4 30. Rxe6 fxg3 31. f4 $5) 30. Rbe1 Rh6 31. R5e2 f4 (
31... f4 32. gxf4 Rf8 $11) 1/2-1/2

[Event "Biel GM"]
[Site "Biel"]
[Date "2001.08.03"]
[Round "10"]
[White "Pelletier, Yannick"]
[Black "Grischuk, Alexander"]
[Result "0-1"]
[WhiteElo "2531"]
[BlackElo "2669"]
[Annotator "Huzman,A"]
[PlyCount "74"]
[EventDate "2001.07.23"]
[EventType "tourn"]
[EventRounds "10"]
[EventCountry "SUI"]
[EventCategory "16"]
[SourceTitle "CBM 085"]
[Source "ChessBase"]
[SourceDate "2001.11.13"]
[SourceVersion "1"]
[SourceVersionDate "2001.11.13"]
[SourceQuality "1"]

1. Nf3 d5 2. d4 e6 3. c4 dxc4 4. e3 a6 5. Bxc4 c5 6. Bb3 Nf6 7. O-O b5 8. a4 b4
9. Nbd2 Be7 10. a5 Bb7 11. Qe2 Nbd7 12. Ne5 $146 (12. Bc4 O-O 13. b3 Nb8 14.
dxc5 Nc6 15. Bb2 Nxa5 16. Rfc1 Bxc5 17. Bxf6 gxf6 18. Bxe6 Bxe3 19. Qxe3 fxe6
20. Nd4 $16 {1-0 Hebden,M-Flear,G/Hastings 1996/CBM 57 (63)}) (12. Nc4 O-O 13.
Bd2 (13. Rd1 Qc7 14. Bd2 (14. Nce5 Nxe5 15. Nxe5 Bd6 16. f4 cxd4 17. exd4 Bd5
18. Bc2 Rfc8 19. Bd3 Qb7 $15 {1/2-1/2 Gaprindashvili,N-Demina,J/Women's
Champions 1998/EXT 99 (39)}) (14. Nfe5 Rfd8 15. Bd2 Rac8 16. Rac1 Qb8 17. Ba4
cxd4 18. exd4 Nxe5 19. dxe5 Nd5 20. Qg4 Rxc4 21. Qxc4 Qxe5 $19 {0-1 Obukhov,
A-Kashtanov,R/St.Petersburg 1997/CBM 61 ext (30)}) 14... Bd5 15. Rac1 Qb7 16.
Ba4 Rfd8 17. dxc5 Bxc5 18. Be1 Rac8 19. Ncd2 Ba7 20. Nb3 Ne4 $15 {0-1 Obukhov,
A-Ibragimov,I/Ekaterinburg 1997/CBM 57 ext (45)}) (13. Nfe5 Qc7 14. Bd2 (14.
Rd1 Rfd8 15. Bd2 cxd4 16. exd4 Nxe5 17. dxe5 Ne4 18. Be3 Nc5 19. Bc2 b3 20.
Bxc5 bxc2 21. Rxd8+ Rxd8 22. Bxe7 Qxe7 23. Qxc2 Qg5 24. Ne3 Qxe5 {1/2-1/2
Levin,F-Maksimenko,A/Lvov 1995/CBM 50 ext (24)}) 14... Bd5 15. Ba4 Nxe5 16.
Nxe5 cxd4 17. exd4 Qb7 18. f3 Rac8 19. Rfc1 h6 20. Bc2 Qa7 21. Be3 b3 22. Bd3
Bb4 23. Nc4 Nd7 24. Qd1 $14 {0-1 Csiszar,C-Gonzalez Garcia,J/Sakkverseny op
1997 (61)}) 13... Qb8 (13... cxd4 14. exd4 Qb8 15. Rfe1 Bd5 16. Bc2 Qb7 17.
Nce5 b3 18. Bd3 Nxe5 19. dxe5 Nd7 20. Rac1 Rfd8 21. Ng5 h6 22. Nxf7 Kxf7 23.
Qh5+ Kg8 24. Bxh6 Nf8 25. Re3 Rac8 26. Rxc8 Rxc8 27. Rg3 Bd8 28. Bxa6 Qxa6 29.
Rxg7+ Kh8 30. Qf7 {1-0 Vladimirov,E-Murshed,N/Calcutta IND 2001/ (30)}) 14.
Rfc1 Bd5 15. Ba4 Rc8 $2 (15... Qb7 $11 {Huebner,R}) 16. e4 $1 $16 {1-0 Huebner,
R-Rublevsky,S/Polanica Zdroj 1996/Inf 67/[Huebner,R] (54)}) (12. e4 cxd4 13. e5
Nd5 14. Ne4 O-O 15. Qd3 Rc8 16. Qxd4 Nc5 17. Nxc5 Rxc5 18. Qg4 Kh8 19. Bg5 $11
{0-1 Ioseliani,N-Kortschnoj,V/Cancan Veterans-Women 1998/CBM 67/(37)}) (12. Rd1
) 12... O-O 13. f4 Qc7 (13... cxd4 14. exd4 Nxe5 15. dxe5 Qd4+ 16. Kh1 Nd5 (
16... Nd7 17. Nc4 Qe4 18. Be3 Nc5 19. Bc2 Qc6 20. Rad1 $11) 17. Nf3 (17. Ne4
Rac8 18. Bc2 Rfd8 19. Rd1 Qa7 20. Bd3 h6 $15) 17... Qa7 18. Bd2 $11) 14. Ndf3
Bd5 15. Bxd5 (15. Bc2 Rfc8 (15... cxd4 16. exd4 Rfc8 17. Bd3 Qb7 18. f5 $132)
16. e4 Bb7 17. Nxd7 Nxd7 18. Rd1 cxd4 19. Nxd4 Bc5 $36) 15... exd5 16. b3 (16.
dxc5 Bxc5 (16... Nxc5 17. Nd4 Nce4 18. Bd2 $11) 17. Bd2 Nxe5 18. Nxe5 Ne4 19.
Nd3 Qe7 $15 {[%csl Re3]}) 16... cxd4 (16... Rfc8 17. Ng5 $132) (16... Rac8 17.
Qxa6 c4 18. Qb5 $13) (16... Nxe5 $5 17. dxe5 Ne4 18. Bb2 c4 19. Bd4 $132 {
[%cal Gf4f5]}) 17. Nxd7 (17. exd4 Ne4 $17) 17... Qxd7 18. Nxd4 Bc5 19. Bb2 Ne4
(19... Rfe8 20. Rac1 $11) 20. Rfc1 $6 (20. Rac1 $1 {Grischuk} Rfc8 21. Qd3 f6
22. Rfd1 $11) 20... Rfc8 21. Rc2 $2 (21. Qd3 $142 f6 22. Rd1 Kh8 23. Rac1 $15)
21... Bxd4 22. Bxd4 Rxc2 23. Qxc2 Rc8 24. Qd3 Qc6 25. h3 h5 $1 26. Qd1 Qc2 (
26... Qg6 $1 27. Rc1 $140 Nc3 28. Bxc3 Rxc3 29. Qd2 Rxb3 $19 30. Rc8+ (30. Qxd5
Rb1 $1 (30... Rxe3 31. Rc6 Qb1+ 32. Kh2 $44) 31. Rxb1 Qxb1+ 32. Kh2 b3 $19)
30... Kh7 31. Qxd5 Rxe3 32. Qd8 (32. Rc6 f6 $17) 32... Qb1+ 33. Kh2 Qf5 $19)
27. Qxh5 Qf2+ 28. Kh2 Qg3+ 29. Kg1 Qf2+ $6 (29... Rc2 30. Qf3 Qxf3 31. gxf3 Nd2
32. Ra4 Nxf3+ 33. Kf1 Nd2+ 34. Ke1 Nxb3 35. Rxb4 Nxa5 36. Ra4 Nc6 37. Rxa6 Nxd4
38. exd4 Rc4 39. Kf2 Rxd4 40. Ke3 Re4+ 41. Kf3 $11) 30. Kh2 Rc2 31. Qg4 f6 (
31... g6 $2 32. Ra2 $1 $18) 32. Rd1 $2 (32. h4 $1 Kf8 33. h5 Nd2 34. h6 gxh6
35. Bxf6 Kf7 36. Qg7+ Ke6 37. Qe7+ Kf5 38. Kh3 $18) 32... g5 (32... Kf8 $142
33. h4 Nd2 34. Kh3 Nf1 35. Qf3 Qxf3+ 36. gxf3 Nd2 37. Bb6 Kf7 $17 {[%csl Rb3]})
33. f5 (33. Bxf6 $5 Nxf6 34. Qxg5+ Kf7 35. f5 Rc6 $1 $17) 33... Kf7 34. Bxf6 $4
{[%mdl 8192]} (34. Ba7 $1 {[%cal Ga7b8]} Rd2 $3 {Grischuk} (34... Kg7 35. Rxd5
Nd2 36. Rxd2 Rxd2 37. Qe4 $16) 35. Rxd2 (35. Rc1 Rc2) 35... Qxd2 36. Qh5+ Kg7
37. Qg6+ Kf8 38. Bd4 Qc2 39. Qh7 (39. Bxf6 Qc7+ $13) 39... Qf2 $1 40. Qc7 Qxf5
41. Qb8+ Kf7 42. Qb7+ Kg6 43. Qxa6 Qf2 $11) 34... Kxf6 35. Rxd5 Qxe3 36. h4
Qf4+ 37. Qxf4 gxf4 0-1

[Event "CHN-RUS Summit Men 1st"]
[Site "Shanghai"]
[Date "2001.09.07"]
[Round "1"]
[White "Grischuk, Alexander"]
[Black "Zhang, Pengxiang"]
[Result "1-0"]
[WhiteElo "2669"]
[BlackElo "2487"]
[Annotator "Psakhis,L"]
[PlyCount "61"]
[EventDate "2001.09.07"]
[EventType "schev"]
[EventRounds "6"]
[EventCountry "CHN"]
[SourceTitle "CBM 085"]
[Source "ChessBase"]
[SourceDate "2001.11.13"]
[SourceVersion "1"]
[SourceVersionDate "2001.11.13"]
[SourceQuality "1"]

1. e4 e6 2. d4 d5 3. e5 c5 4. c3 Nc6 5. Nf3 Qb6 6. a3 Nh6 7. b4 cxd4 8. cxd4 (
8. Bxh6 gxh6 9. cxd4 Bd7 {Doesn;t promise something real, for example:} 10. Be2
Rc8 11. O-O Bg7 12. Qd2 O-O 13. Ra2 f6 14. b5 Na5 15. exf6 Rxf6 16. Ne5 Be8 17.
Qe3 Rf5 18. Bg4 Rg5 19. Nc6 Ra8 20. Bxe6+ Kh8 21. Nb4 Bxb5 22. h4 Rg6 23. Bf5
Re8 {0-1 Bosch,J-Lputian,S/Wijk aan Zee-B 1999/CBM 69 (28)}) 8... Nf5 9. Bb2
Be7 10. h4 $1 {[%cal Gg2g4] Preparing g4} (10. Bd3 a5 $1 11. Bxf5 exf5 12. Nc3
Be6 13. b5 a4 14. bxc6 Qxb2 15. O-O bxc6 16. Nxa4 Qb5 17. Nc3 Qc4 18. Ne2 O-O
19. Rc1 Qa6 20. Rc3 Rfc8 {1/2-1/2 Shirov,A-Khalifman,A/Linares 2000/CBM 75 (20)
}) (10. g4 Nh4 11. Nbd2 Ng6 12. b5 Nb8 13. a4 O-O 14. Qb3 f6 15. exf6 Rxf6 16.
g5 Rf8 17. h4 a6 $132 {0-1 Borsos,B-Ivanov,O/Gyongyos op 1995 (54)}) 10... h5 {
Weaken >>, but it is good question if Black can ignore this threat -} ({
after for example} 10... Bd7 11. g4 Nh6 12. Rg1 O-O 13. Nc3 f6 14. Na4 Qd8 15.
exf6 Rxf6 16. g5 Rxf3 17. Qxf3 Nf5 18. Rg4 Ncxd4 19. Bxd4 Nxd4 20. Rxd4 Bxa4
21. Bd3 $16 {1-0 Grischuk,A-Johannessen,L/Reykjavik op 2000 (33) white'
chances are better.}) 11. Bd3 g6 (11... Bd7 12. Bxf5 exf5 13. Nc3 Be6 14. O-O
O-O 15. Bc1 Rfc8 16. Ne2 a5 17. Rb1 axb4 18. axb4 Qb5 19. Bg5 Qa4 20. b5 $18 {
1-0 Tseitlin,M-Frolov,A/Leningrad 1985 (22)}) 12. Bxf5 gxf5 13. Nc3 Rg8 14. O-O
$1 $146 {Improvement compare to} (14. Ng5 Qxd4 15. Qxd4 Nxd4 16. Nxd5 Nc2+ 17.
Kd2 exd5 18. Kxc2 Bxg5 19. hxg5 Rxg5 20. Bd4 Be6 21. g3 Kd7 $11 {Grischuk,
A-Sakaev,K/RUS t-ch Tomsk 2001/The Week in Chess 342/1/2-1/2 (50)}) 14... Rg4
15. Ne2 {[%cal Gg2g3,Ge2f4]} Bd7 ({In the case of} 15... Bxh4 $6 16. Nxh4 Rxh4
17. f3 $1 {[%csl Rh4] Black can't avoid material losses -} Nxe5 18. Qe1) (15...
f4 16. Qd2 {[%csl Rf4]}) 16. g3 O-O-O $6 ({Worth considering} 16... a5 $5 17.
Nf4 axb4 18. axb4 Rxa1 19. Bxa1 $36 {and White still keeps initiative, but
Black can hope for successful defence.}) 17. Bc1 Rdg8 {Cool move.} 18. Kh1 $1 (
18. Bg5 $6 Bxg5 19. Nxg5 (19. hxg5 h4 $1) 19... Nxd4 {much weaker}) 18... Kb8
19. Bf4 Ka8 20. Qd2 $16 {[%cal Gf4g5] Position of white's monarch is
absolutely safe now, and is ready to start activity on the <<} f6 (20... Nb8 $1
{[%cal Gd7b5]}) 21. exf6 Bxf6 22. Rfc1 e5 {Desperation} (22... Rc8 23. Rc3) 23.
dxe5 Bxh4 24. Nxh4 Qxf2 (24... Rxh4+ 25. gxh4 Qxf2 26. Ng1 Qxh4+ 27. Qh2 $18)
25. Ng2 $18 h4 $8 26. Rf1 hxg3 (26... Qb6 27. Nxh4) 27. Rxf2 gxf2 28. e6 $1
Bxe6 (28... Rxg2 29. exd7) 29. Qe3 Bf7 (29... Rh8+ 30. Bh2 Re4 31. Qxf2 Ne5 32.
Nef4 Ng4 33. Qg3 $18) 30. Qxf2 d4 31. Rd1 (31. Rd1 Bd5 32. Ng3 Rh4+ 33. Kg1
Bxg2 34. Kxg2 Rgg4 35. Rxd4 Nxd4 36. Qxd4 $18) 1-0

[Event "CHN-RUS Summit Men 1st"]
[Site "Shanghai"]
[Date "2001.09.08"]
[Round "2"]
[White "Liang, Chong"]
[Black "Grischuk, Alexander"]
[Result "1/2-1/2"]
[WhiteElo "2556"]
[BlackElo "2669"]
[PlyCount "32"]
[EventDate "2001.09.07"]
[EventType "schev"]
[EventRounds "6"]
[EventCountry "CHN"]
[SourceTitle "CBM 085"]
[Source "ChessBase"]
[SourceDate "2001.11.13"]
[SourceVersion "1"]
[SourceVersionDate "2001.11.13"]
[SourceQuality "1"]

1. d4 d5 2. c4 dxc4 3. Nf3 e6 4. e3 a6 5. Bxc4 c5 6. O-O Nf6 7. dxc5 Qxd1 8.
Rxd1 Bxc5 9. Nbd2 b6 10. Be2 Bb7 11. Nc4 Bd5 12. b3 Nbd7 13. Bb2 O-O 14. Rac1
Rfc8 15. Bd4 b5 16. Bxc5 bxc4 1/2-1/2